Normal view
MARC view
- Hamza, Khawaja Muhammad
Entry Personal Name
001 - CONTROL NUMBER
- control field: 120120
003 - CONTROL NUMBER IDENTIFIER
- control field: NUST
005 - DATE AND TIME OF LATEST TRANSACTION
- control field: 20240126100800.0
008 - FIXED-LENGTH DATA ELEMENTS
- fixed length control field: 240126|| aca||aabn | a|a d
040 ## - CATALOGING SOURCE
- Original cataloging agency: NUST
- Transcribing agency: NUST
100 ## - HEADING--PERSONAL NAME
- Personal name: Hamza, Khawaja Muhammad
670 ## - SOURCE DATA FOUND
- Source citation: Work cat.: (NUST): Hamza, Khawaja Muhammad, Secrecy Performance of RIS-enhanced Communication under Imperfect CSI/
